investigating the impact of instructional games to address the problems of second language as medium of instructions (Record no. 13438)

000 -LEADER
fixed length control field 00516nam a22001337a 4500
082 ## - DEWEY DECIMAL CLASSIFICATION NUMBER
Classification number MSIT-1 SAL
100 ## - MAIN ENTRY--PERSONAL NAME
Personal name Adnan Saleem
9 (RLIN) 92573
245 ## - TITLE STATEMENT
Title investigating the impact of instructional games to address the problems of second language as medium of instructions
260 ## - PUBLICATION, DISTRIBUTION, ETC.
Place of publication, distribution, etc. Islamabad
Name of publisher, distributor, etc. NUST-SEECS
Date of publication, distribution, etc. 2015
300 ## - PHYSICAL DESCRIPTION
Extent 70p.
Other physical details ill.;
Accompanying material CD ROM
500 ## - GENERAL NOTE
General note Supervisors:Farzana Ahmad, Dr. Sharif ullah Khan, Jaudat Mamoon, Erum Afzal
856 ## - ELECTRONIC LOCATION AND ACCESS
Uniform Resource Identifier <a href="http://10.250.8.41:8080/xmlui/handle/123456789/21947">http://10.250.8.41:8080/xmlui/handle/123456789/21947</a>
942 ## - ADDED ENTRY ELEMENTS (KOHA)
Koha item type Project Report
Source of classification or shelving scheme
Holdings
Withdrawn status Lost status Damaged status Not for loan Collection code Permanent Location Current Location Shelving location Date acquired Total Checkouts Full call number Barcode Date last seen Price effective from Koha item type Source of classification or shelving scheme
          Central Library (CL) Central Library (CL) Reference 12/16/2015   MSIT-1 SAL SEECSP01760 12/16/2015 12/16/2015 Project Report  
          Central Library (CL) Central Library (CL) Thesis 09/01/2019   621.3 CL-T-3273 09/01/2019 09/01/2019 Thesis  
© 2023 Central Library, National University of Sciences and Technology. All Rights Reserved.